000
00467nam a2200145Ia 4500
008
100122s9999 xx 000 0 und d
082
_b
60588
_a
81
100
_a
मेहता अभय
245
_a
एनरॉनचे गौडबंगाल
260
_b
सुलभा ब्रम्हे
_c
2001
300
_a
94
630
_a
एनरॉनचे गौडबंगाल
730
_a
एनरॉनचे गौडबंगाल
942
_c
BOOK
999
_c
435737
_d
435734